ESSENTIALS OF ANATOMY & PHYSIOLOGY FOR FNM WITH CLINICAL IMPPORTANC (Record no. 21919)

MARC details
000 -LEADER
fixed length control field 00379nam a22001577a 4500
003 - CONTROL NUMBER IDENTIFIER
control field SGT
020 ## - INTERNATIONAL STANDARD BOOK NUMBER
International Standard Book Number 9789386827111
082 ## - DEWEY DECIMAL CLASSIFICATION NUMBER
Classification number 611
Item number E18G
100 ## - MAIN ENTRY--PERSONAL NAME
Personal name GARG, KRISHNA
245 ## - TITLE STATEMENT
Title ESSENTIALS OF ANATOMY & PHYSIOLOGY FOR FNM WITH CLINICAL IMPPORTANC
250 ## - EDITION STATEMENT
Edition statement 1ST
260 ## - PUBLICATION, DISTRIBUTION, ETC. (IMPRINT)
Place of publication, distribution, etc INDIA
Name of publisher, distributor, etc CBS PUB
Year of Publication 2018
300 ## - PAGE DESCRIPTION
No. of Pages 300
650 ## - SUBJECT ADDED ENTRY--TOPICAL TERM
Topical term or geographic name as entry element HUMAN ANATOMY
942 ## - ADDED ENTRY ELEMENTS (KOHA)
Source of classification or shelving scheme Dewey Decimal Classification
Koha item type Books
942 ## - ADDED ENTRY ELEMENTS (KOHA)
-- 63
Holdings
Withdrawn status Lost status Source of classification or shelving scheme Damaged status Not for loan Collection code Home library Current library Shelving location Date acquired Vendor Name Cost, normal purchase price SGTU Bill Number Total Checkouts Full call number Accession No. (Barcode) Date last seen Date last borrowed Bill Date Koha item type Checked out
    Dewey Decimal Classification     NURSING SGT Medical Library SGT Medical Library Text Book 04/10/2021 ABC DELHI 475.00 SGTU 13308 12 611 E18G FN4382 10/03/2026 10/03/2026   Books  
    Dewey Decimal Classification     NURSING SGT Medical Library SGT Medical Library Text Book 04/10/2021 ABC DELHI 475.00 SGTU 13308 22 611 E18G FN4383 25/05/2026 08/05/2026   Books  
    Dewey Decimal Classification     NURSING SGT Medical Library SGT Medical Library Text Book 04/10/2021 ABC DELHI 475.00 SGTU 13308 32 611 E18G FN4384 11/09/2025 04/09/2025   Books  
    Dewey Decimal Classification     NURSING SGT Medical Library SGT Medical Library Text Book 04/10/2021 ABC DELHI 475.00 SGTU 13308 13 611 E18G FN4385 22/05/2026 22/05/2026   Books 05/06/2026
    Dewey Decimal Classification     NURSING SGT Medical Library SGT Medical Library Text Book 04/10/2021 ABC DELHI 475.00 SGTU 13308 19 611 E18G FN4386 28/03/2026 23/03/2026   Books